000 00530nam a2200205Ia 4500
005 20260531145103.0
008 260531s9999 xx 000 0 und d
020 _a9788131790540
041 _aEnglish
082 _a681.3.23 KUR
100 _aKurose (James F)
245 0 _aComputer Networking
_bA Top-Down Approach
250 _a5
260 _bPeaeson Education
_aNew Delhi
_c2012
300 _bPaper Back
_a888
563 _aPaper Back
650 _a Computer Networking
700 _aRoss (Keith W)
942 _cBK
999 _c195022
_d195022